Touches sur une manette de Xbox Series - Statistiques

Statistiques générales
  • Ce quiz a été pris 333 fois
  • Le résultat moyen est 10 sur 16
Statistiques - réponses
Position Touche / Bouton % Correct
Avant A
98%
Avant B
98%
Avant X
98%
Avant Y
97%
Haut RT
81%
Haut LT
78%
Haut LB
77%
Haut RB
77%
Avant Croix Directionnelle
75%
Avant Xbox
54%
Avant Menu
49%
Avant Analogue Droit
44%
Avant Analogue Gauche
44%
Avant Partager
21%
Haut Bouton de Couplage
4%
Avant Affichage
2%
Aucun quiz correspondant
Distribution des résultats
% des personnes avec chaque résultat
Percentile par nombre de réponses
Votre historique - résultats
Vous n’avez pas pris ce quiz